007530000a22002170004500003001100000005001700011008004100028020001500069040003900084041000800123082001700131110002900148245011000177260004500287300001900332490003500351650002500386650005600411650003700467650003100504LK-CoMWRAF20231202191028.0230817t1999 ||||| |||| 00| 0 eng d a0850925967 aLK-CoMWRAFdLK-CoMWRAFeLK-CoMWRAF aeng a352.608bCOM aCommonwealth Secretariat a Gender mainstreaming in the public service : ba reference manual for governments and other stakeholders aLondon:bCommonwealth Secretariat,c1999 a48 p. ; 30 cm. aGenderManagement System Series aGENDER MAINSTREAMING aAffirmative action programs- Commonwealth countries aSex discrimination against women aWomen in the civil service